Հերբարիում / (Record no. 196748)
[ view plain ]
| 000 -LEADER | |
|---|---|
| fixed length control field | 00995nam a2200229 u 4500 |
| 001 - CONTROL NUMBER | |
| control field | 000530192 |
| 003 - CONTROL NUMBER IDENTIFIER | |
| control field | AM-YeHGA |
| 005 - DATE AND TIME OF LATEST TRANSACTION | |
| control field | 20250618072858.0 |
| 008 - FIXED-LENGTH DATA ELEMENTS--GENERAL INFORMATION | |
| fixed length control field | 070406s1936 ai r 000 0 arm d |
| 040 ## - CATALOGING SOURCE | |
| Original cataloging agency | AM-YeHGA |
| 041 0# - LANGUAGE CODE | |
| Language code of text/sound track or separate title | arm |
| 090 ## - LOCALLY ASSIGNED LC-TYPE CALL NUMBER (OCLC); LOCAL CALL NUMBER (RLIN) | |
| -- | 198227 |
| 100 1# - MAIN ENTRY--PERSONAL NAME | |
| Personal name | Արարատյան, Ալեքսանդր Գևորգի, |
| Dates associated with a name | 1897-1991 |
| 9 (RLIN) | 2230 |
| 245 10 - TITLE STATEMENT | |
| Title | Հերբարիում / |
| Statement of responsibility, etc. | Ալ. Արարատյան; Խմբ.՝ Պ. Քալանթարյան, Գ. Աղաջանյան; ՀՍԽՀ Գյուղատնտ. ին-տ Բուսաբանական ամբ. |
| 260 ## - PUBLICATION, DISTRIBUTION, ETC. | |
| Place of publication, distribution, etc. | Յերևան : |
| Name of publisher, distributor, etc. | Գյուղհրատ, |
| Date of publication, distribution, etc. | 1936. |
| 300 ## - PHYSICAL DESCRIPTION | |
| Extent | 37 էջ. |
| 650 14 - SUBJECT ADDED ENTRY--TOPICAL TERM | |
| Topical term or geographic name entry element | Բուսաբանություն |
| 700 1# - ADDED ENTRY--PERSONAL NAME | |
| Personal name | Քալանթարյան, Պապա Բեջանի, |
| Dates associated with a name | 1887-1942 |
| Relator term | խմբ. |
| Relationship | edt |
| 9 (RLIN) | 1617 |
| 700 1# - ADDED ENTRY--PERSONAL NAME | |
| Personal name | Աղաջանյան, Գեղամ Խաչատուրի, |
| Dates associated with a name | 1891-1969 |
| Relator term | խմբ. |
| Relationship | edt |
| 9 (RLIN) | 2114 |
| 710 2# - ADDED ENTRY--CORPORATE NAME | |
| Corporate name or jurisdiction name as entry element | Գյուղատնտեսական ինստիտուտ ՀՍԽՀ |
| Subordinate unit | Բուսաբանական ամբիոն |
| 942 ## - ADDED ENTRY ELEMENTS (KOHA) | |
| Source of classification or shelving scheme | Universal Decimal Classification |
| Koha item type | Գրքեր / Books |
| Withdrawn status | Lost status | Damaged status | Not for loan | Collection | Home library | Current library | Date acquired | Cost, normal purchase price | Total checkouts | Full call number | Barcode | Date last seen | Price effective from | Koha item type | Public note |
|---|---|---|---|---|---|---|---|---|---|---|---|---|---|---|---|
| General | Fundamental Scientific Library | Fundamental Scientific Library | 28/12/2016 | 40.00 | AII/16098 | FL0010478 | 28/12/2016 | 28/12/2016 | Գրքեր / Books | 30 Days Loan | |||||
| General | Fundamental Scientific Library | Fundamental Scientific Library | 28/12/2016 | 10.00 | AII/24944 | FL0000885 | 28/12/2016 | 28/12/2016 | Գրքեր / Books | 30 Days Loan |
ՀՀ Գիտությունների ազգային ակադեմիայի հիմնարար գիտական գրադարան = Fundamental Scientific Library of NAS RA
All site content, except where otherwise noted, is licensed under a